[Event "BCF-chT1b 1314 (4NCL)"]
[Site "England"]
[Date "2014.02.16"]
[Round "6.161"]
[White "Bojkov, Dejan"]
[Black "Dearing, Eddie"]
[Result "1/2-1/2"]
[WhiteElo "2503"]
[BlackElo "2417"]
[PlyCount "109"]
[EventDate "2013.11.16"]
[EventType "team-tourn"]
[EventRounds "7"]
[EventCountry "ENG"]
[SourceTitle "EXT 2015"]
[Source "ChessBase"]
[SourceDate "2014.11.20"]
[SourceVersion "1"]
[SourceVersionDate "2014.11.20"]
[SourceQuality "1"]
[WhiteTeam "White Rose"]
[BlackTeam "Cambridge"]
[WhiteTeamCountry "ENG"]
[BlackTeamCountry "ENG"]

1. e4 c5 2. Nf3 d6 3. Bb5+ Nd7 4. d4 cxd4 5. Qxd4 a6 6. Bxd7+ Bxd7 7. 0-0 Rc8 8. Nc3 e5 9. Qa7 Bc6 10. Rd1 Qc7 11. Be3 Nf6 12. Bb6 Qe7 13. Nd5 Bxd5 14. exd5 Qd7 15. c4 Be7 16. Rac1 0-0 17. Ba5 Ne4 18. b4 f5 19. Qe3 h6 20. c5 Qb5 21. Qd3 Kh7 22. a4 Qe8 23. Bb6 dxc5 24. bxc5 Bxc5 25. Bxc5 Nxc5 26. Qe3 Qxa4 27. Nxe5 Rfe8 28. d6 Nd7 29. f4 Rcd8 30. Rd5 Nf6 31. Rd4 Qb5 32. h3 Nd5 33. Qf3 Nxf4 34. Qxf4 Qxe5 35. Qxe5 Rxe5 36. Rc7 b5 37. Ra7 b4 38. Rxa6 Rb5 39. Ra2 Kg6 40. Rb2 b3 41. Rd3 Kf6 42. Kf2 Rb6 43. h4 Rbxd6 44. Rxd6+ Rxd6 45. Rxb3 g5 46. hxg5+ hxg5 47. Rb2 Ke5 48. g3 Rd4 49. Re2+ Kf6 50. Ra2 Kg6 51. Ra5 Rd3 52. Kg2 Rd2+ 53. Kg1 Kf6 54. Kf1 Ke6 55. g4 1/2-1/2

[Event "BCF-chT1c 1213 (4NCL) Promotion pool"]
[Site "England"]
[Date "2013.05.05"]
[Round "10.141"]
[White "Dearing, Eddie"]
[Black "Adair, James R"]
[Result "1/2-1/2"]
[WhiteElo "2418"]
[BlackElo "2297"]
[PlyCount "93"]
[EventDate "2012.11.03"]
[EventType "team-tourn"]
[EventRounds "4"]
[EventCountry "ENG"]
[SourceTitle "EXT 2014"]
[Source "ChessBase"]
[SourceDate "2013.11.20"]
[SourceVersion "1"]
[SourceVersionDate "2013.11.20"]
[SourceQuality "1"]
[WhiteTeam "Cambridge"]
[BlackTeam "White Rose"]
[WhiteTeamCountry "ENG"]
[BlackTeamCountry "ENG"]

1. d4 Nf6 2. c4 e6 3. Nf3 Bb4+ 4. Nbd2 0-0 5. a3 Be7 6. g3 d5 7. Bg2 b6 8. 0-0 Bb7 9. Qc2 Nbd7 10. Rd1 dxc4 11. Nxc4 c5 12. dxc5 Be4 13. Qc3 Nd5 14. Qe1 Nxc5 15. Bf4 Nb3 16. Nd4 Bxg2 17. Nxb3 Be4 18. Rac1 b5 19. Ne5 Qe8 20. f3 Bg6 21. Nd4 Nxf4 22. gxf4 f6 23. Nxg6 Qxg6+ 24. Qg3 Qxg3+ 25. hxg3 e5 26. Ne6 Rfc8 27. f5 g6 28. g4 Bf8 29. Kf2 Bh6 30. e3 Rc4 31. Nc7 Rc8 32. Rxc4 bxc4 33. Rd7 Rb8 34. Nd5 Rxb2+ 35. Kg3 gxf5 36. gxf5 Bg7 37. Rxa7 Kf8 38. Ne7 Rb5 39. Rc7 Ra5 40. e4 Rxa3 41. Nd5 Ra4 42. Nb6 Ra6 43. Nxc4 Bh6 44. Rxh7 Bf4+ 45. Kg4 Rc6 46. Na3 Rc1 47. Rb7 1/2-1/2

[Event "BCF-chT1a 1213 (4NCL)"]
[Site "England"]
[Date "2013.03.23"]
[Round "7.141"]
[White "Dearing, Eddie"]
[Black "Fernandez, Daniel Howard"]
[Result "1-0"]
[WhiteElo "2418"]
[BlackElo "2352"]
[PlyCount "85"]
[EventDate "2012.11.03"]
[EventType "team-tourn"]
[EventRounds "7"]
[EventCountry "ENG"]
[SourceTitle "EXT 2014"]
[Source "ChessBase"]
[SourceDate "2013.11.20"]
[SourceVersion "1"]
[SourceVersionDate "2013.11.20"]
[SourceQuality "1"]
[WhiteTeam "Cambridge"]
[BlackTeam "e2e4.org.uk"]
[WhiteTeamCountry "ENG"]
[BlackTeamCountry "ENG"]

1. d4 b5 2. e4 Bb7 3. Bd3 b4 4. Ne2 e6 5. 0-0 c5 6. c3 Nc6 7. a3 cxd4 8. cxd4 Nf6 9. Nd2 Be7 10. axb4 Nxb4 11. Bb1 d5 12. e5 Nd7 13. Nf4 Qb6 14. Nf3 0-0 15. Ra3 Rfc8 16. h4 h6 17. Nh5 Ba6 18. Re1 Rc4 19. Be3 Rac8 20. Rb3 Qd8 21. Nh2 Nc2 22. Bxc2 Rxc2 23. Qg4 g6 24. Bxh6 Qa5 25. Nf3 Re2 26. Re3 Rxe1+ 27. Rxe1 Bd3 28. Ng3 Rc2 29. h5 Rxb2 30. hxg6 Bxg6 31. Rc1 Qd8 32. Bg5 Bxg5 33. Nxg5 Qb8 34. Nxe6 Rb1 35. Rxb1 Qxb1+ 36. Kh2 Qb4 37. Nc7 Nb6 38. Ne8 Qf8 39. Nf6+ Kh8 40. Kg1 Qh6 41. f4 a5 42. e6 Nc8 43. Nf5 1-0

[Event "BCF-chTb 1112 (4NCL)"]
[Site "England"]
[Date "2012.03.31"]
[Round "7.81"]
[White "Greet, Andrew"]
[Black "Dearing, Eddie"]
[Result "0-1"]
[WhiteElo "2449"]
[BlackElo "2411"]
[PlyCount "46"]
[EventDate "2011.11.12"]
[EventType "team-tourn"]
[EventRounds "7"]
[EventCountry "ENG"]
[SourceTitle "EXT 2013"]
[Source "ChessBase"]
[SourceDate "2012.11.22"]
[SourceVersion "1"]
[SourceVersionDate "2012.11.22"]
[SourceQuality "1"]
[WhiteTeam "Wood Green Hilsmark II"]
[BlackTeam "Cambridge"]
[WhiteTeamCountry "ENG"]
[BlackTeamCountry "ENG"]

1. d4 d5 2. c4 c6 3. Nf3 Nf6 4. Nbd2 Bf5 5. Nh4 Be6 6. e3 g6 7. Bd3 Bg7 8. 0-0 0-0 9. Nhf3 dxc4 10. Nxc4 c5 11. dxc5 Nc6 12. Nce5 Nxe5 13. Nxe5 Qd5 14. Nf3 Qxc5 15. Nd4 Bd5 16. Qe2 Rfd8 17. Rd1 e5 18. Nb3 Qc6 19. Bb5 Qe6 20. Nc5 Qe7 21. e4 Qxc5 22. exd5 Rxd5 23. Be3 Qxb5 0-1

[Event "Reykjavik op"]
[Site "Reykjavik"]
[Date "2011.03.15"]
[Round "8"]
[White "Dearing, Eddie"]
[Black "Sveshnikov, Evgeny"]
[Result "1/2-1/2"]
[WhiteElo "2412"]
[BlackElo "2527"]
[PlyCount "82"]
[EventDate "2011.03.09"]
[EventType "swiss"]
[EventRounds "9"]
[EventCountry "ISL"]
[SourceTitle "CBM 141 Extra"]
[Source "ChessBase"]
[SourceDate "2011.05.03"]
[SourceVersion "1"]
[SourceVersionDate "2011.05.03"]
[SourceQuality "1"]

1. d4 d5 2. c4 e6 3. Nf3 Nf6 4. Nc3 c6 5. Bg5 h6 6. Bh4 Be7 7. e3 0-0 8. Qc2 Nbd7 9. Rd1 b6 10. Be2 Bb7 11. 0-0 Rc8 12. Ne5 Nxe5 13. dxe5 Nd7 14. Bg3 Bb4 15. a3 Bxc3 16. Qxc3 a5 17. Rd4 Nc5 18. Rfd1 Qc7 19. Bf3 b5 20. Rg4 bxc4 21. e4 Nd3 22. b3 Ba6 23. exd5 cxd5 24. bxc4 dxc4 25. Bh4 Nxe5 26. Rg3 f6 27. Qe3 c3 28. Be4 f5 29. Qxh6 c2 30. Bxc2 Nf3+ 31. Kh1 Nxh4 32. Bb3 Rf7 33. Bxe6 Qxg3 34. Bxf7+ Kf8 35. hxg3 gxh6 36. Bh5 Nxg2 37. Kxg2 Bb7+ 38. Kf1 Ke7 39. Rb1 Be4 40. Rb6 Rc6 41. Rxc6 Bxc6 1/2-1/2

[Event "Reykjavik op"]
[Site "Reykjavik"]
[Date "2011.03.13"]
[Round "6.26"]
[White "Dearing, Eddie"]
[Black "Thorhallsson, Gylfi"]
[Result "1-0"]
[WhiteElo "2412"]
[BlackElo "2200"]
[PlyCount "84"]
[EventDate "2011.03.09"]
[EventType "swiss"]
[EventRounds "9"]
[EventCountry "ISL"]
[SourceTitle "CBM 141 Extra"]
[Source "ChessBase"]
[SourceDate "2011.05.03"]
[SourceVersion "1"]
[SourceVersionDate "2011.05.03"]
[SourceQuality "1"]

1. Nf3 Nf6 2. c4 e6 3. g3 c5 4. Bg2 Nc6 5. 0-0 Be7 6. d4 cxd4 7. Nxd4 a6 8. Nc3 0-0 9. b3 Qc7 10. Bb2 d6 11. Rc1 Nxd4 12. Qxd4 Bd7 13. Rfd1 Rfd8 14. h3 Rab8 15. e3 Qa5 16. a3 Bc6 17. b4 Qh5 18. e4 Rbc8 19. Qe3 h6 20. Ne2 e5 21. f4 Qg6 22. Nc3 Nh5 23. b5 exf4 24. gxf4 axb5 25. cxb5 Bd7 26. Nd5 Bh4 27. a4 Ng3 28. Kh2 Nh5 29. Qf3 f5 30. e5 dxe5 31. Bxe5 Be6 32. Nc7 Bf7 33. a5 Rxd1 34. Rxd1 Bd8 35. b6 Bxc7 36. bxc7 Be6 37. Rd6 Qf7 38. Rxe6 Qxe6 39. Qxh5 Qd7 40. Qg6 Rxc7 41. Bxc7 Qxc7 42. Bd5+ Kf8 1-0

[Event "Reykjavik op"]
[Site "Reykjavik"]
[Date "2011.03.12"]
[Round "5.11"]
[White "Hammer, Jon Ludvig"]
[Black "Dearing, Eddie"]
[Result "1-0"]
[WhiteElo "2606"]
[BlackElo "2412"]
[PlyCount "179"]
[EventDate "2011.03.09"]
[EventType "swiss"]
[EventRounds "9"]
[EventCountry "ISL"]
[SourceTitle "CBM 141 Extra"]
[Source "ChessBase"]
[SourceDate "2011.05.03"]
[SourceVersion "1"]
[SourceVersionDate "2011.05.03"]
[SourceQuality "1"]

1. d4 d5 2. c4 c6 3. Nf3 Nf6 4. e3 Bf5 5. Nc3 e6 6. Nh4 Be4 7. f3 Bg6 8. Qb3 Qb6 9. Nxg6 hxg6 10. g3 Nbd7 11. Bd2 Qxb3 12. axb3 Bd6 13. Kf2 a6 14. cxd5 Nxd5 15. Rd1 Nb4 16. Kg2 Rd8 17. Be2 Be7 18. Be1 0-0 19. h4 Nf6 20. Ne4 Nxe4 21. fxe4 Nc2 22. Bf2 Rd7 23. Rc1 Nb4 24. Be1 Re8 25. Rf1 Bf8 26. Rc4 a5 27. e5 Nd5 28. Bf2 Bb4 29. Bd3 Ra8 30. Kf3 Rdd8 31. Ke2 Nb6 32. Rcc1 a4 33. bxa4 Rxa4 34. g4 Ra2 35. Rc2 Rda8 36. Rb1 Ra1 37. Rcc1 Rxb1 38. Rxb1 Ra2 39. Kd1 Be7 40. Kc2 Kf8 41. Kb3 Ra8 42. Rh1 Ke8 43. h5 gxh5 44. gxh5 Bg5 45. Rg1 Bh6 46. e4 Nd7 47. Be2 Kf8 48. Rd1 Bg5 49. Be1 Ke8 50. Bc3 Bf4 51. Rf1 Be3 52. Rd1 Bf4 53. Bb4 Be3 54. Bd6 Ra5 55. Kc3 Bf4 56. Rf1 Be3 57. Rd1 Bf4 58. Rg1 Bh6 59. Bc4 Kd8 60. b4 Ra3+ 61. Kb2 Re3 62. Rf1 Nb6 63. Bb3 Ke8 64. Ra1 Re2+ 65. Bc2 Kd7 66. Kc3 Nc8 67. Bf8 Rh2 68. Rg1 Rxh5 69. Bxg7 Rh3+ 70. Bd3 Be3 71. Rf1 Ke8 72. Bf6 Nb6 73. Ra1 Kd7 74. Ra7 Kc8 75. Be7 Kb8 76. Ra1 Rh2 77. Bc5 Kc7 78. b5 Bd2+ 79. Kb3 cxb5 80. Bxb5 Nc8 81. Rf1 Rh7 82. Be8 b6 83. Bf8 Kd8 84. Bxf7 Kd7 85. Rf6 Bg5 86. Bxe6+ Ke8 87. Rf1 Ne7 88. d5 Ng6 89. Bd6 Bf4 90. Bf5 1-0

[Event "BCF-chT1b 1011 (4NCL)"]
[Site "England"]
[Date "2011.02.19"]
[Round "5.18"]
[White "Roberson, Peter T"]
[Black "Dearing, Eddie"]
[Result "1/2-1/2"]
[WhiteElo "2291"]
[BlackElo "2412"]
[PlyCount "39"]
[EventDate "2010.11.06"]
[EventType "team-tourn"]
[EventRounds "7"]
[EventCountry "ENG"]
[SourceTitle "EXT 2012"]
[Source "ChessBase"]
[SourceDate "2011.11.24"]
[SourceVersion "1"]
[SourceVersionDate "2011.11.24"]
[SourceQuality "1"]
[WhiteTeam "Sambuca Sharks"]
[BlackTeam "Cambridge"]
[WhiteTeamCountry "ENG"]
[BlackTeamCountry "ENG"]

1. e4 c5 2. c3 e6 3. d4 d5 4. exd5 exd5 5. Nf3 Nc6 6. Bb5 Bd6 7. dxc5 Bxc5 8. 0-0 Nf6 9. Bg5 Be6 10. Nbd2 h6 11. Bh4 0-0 12. Nb3 Be7 13. Nbd4 Bd7 14. Re1 Re8 15. Bd3 Nh5 16. Bxe7 Rxe7 17. Qd2 Qc7 18. Rxe7 Nxe7 19. Re1 Re8 20. Re5 1/2-1/2

[Event "BCF-chT1b 1011 (4NCL)"]
[Site "England"]
[Date "2010.11.07"]
[Round "2.15"]
[White "Dearing, Eddie"]
[Black "Gordon, Stephen J"]
[Result "1/2-1/2"]
[WhiteElo "2412"]
[BlackElo "2528"]
[PlyCount "89"]
[EventDate "2010.11.06"]
[EventType "team-tourn"]
[EventRounds "7"]
[EventCountry "ENG"]
[SourceTitle "CBM 139 Extra"]
[Source "ChessBase"]
[SourceDate "2011.01.05"]
[SourceVersion "1"]
[SourceVersionDate "2011.01.05"]
[SourceQuality "1"]
[WhiteTeam "Cambridge"]
[BlackTeam "Hilsmark Kingfisher"]
[WhiteTeamCountry "ENG"]
[BlackTeamCountry "ENG"]

1. Nf3 d5 2. g3 Bg4 3. Bg2 Nd7 4. 0-0 c6 5. d4 e6 6. Nbd2 Ngf6 7. Re1 Be7 8. e4 dxe4 9. Nxe4 0-0 10. c3 Bh5 11. Qb3 Qb6 12. Nxf6+ Bxf6 13. Be3 a5 14. Nd2 a4 15. Qc2 Qb5 16. Bf1 Qd5 17. Bg2 Qb5 18. Bf1 Qa5 19. Nc4 Qd5 20. Bf4 Bg6 21. Qe2 Be7 22. b4 axb3 23. axb3 Bh5 24. Qc2 Bf3 25. Nd2 Bg4 26. h3 Bf5 27. Qb2 Nb6 28. Nc4 Nxc4 29. bxc4 Qd7 30. c5 g5 31. Be3 Rfb8 32. Qd2 h6 33. g4 Bg6 34. f4 Qd8 35. Bg2 Rxa1 36. Rxa1 b6 37. cxb6 Rxb6 38. Rf1 gxf4 39. Bxf4 Bg5 40. Kh1 Kh7 41. Qf2 Rb3 42. Be5 Rxc3 43. Qb2 Rc4 44. Qb3 Rc1 45. Rxc1 1/2-1/2

[Event "BCF-chT1c 0910 (4NCL) Promotion pool"]
[Site "England"]
[Date "2010.05.02"]
[Round "10.1"]
[White "Dearing, Eddie"]
[Black "Tiller, Bjorn"]
[Result "1/2-1/2"]
[WhiteElo "2406"]
[BlackElo "2378"]
[PlyCount "134"]
[EventDate "2009.10.24"]
[EventType "team-tourn"]
[EventRounds "4"]
[EventCountry "ENG"]
[SourceTitle "EXT 2011"]
[Source "ChessBase"]
[SourceDate "2010.11.26"]
[SourceVersion "1"]
[SourceVersionDate "2010.11.26"]
[SourceQuality "1"]
[WhiteTeam "Cambridge University"]
[BlackTeam "Wood Green Hilsmark Kingfisher II"]
[WhiteTeamCountry "ENG"]
[BlackTeamCountry "ENG"]

1. d4 b5 2. e4 a6 3. Nf3 Bb7 4. Bd3 Nf6 5. e5 Nd5 6. Ng5 e6 7. Qf3 f5 8. exf6 Qxf6 9. Bxh7 Qxf3 10. Bg6+ Kd8 11. Nxf3 c5 12. Ne5 Kc7 13. dxc5 Bxc5 14. Be4 d6 15. Nd3 Bb6 16. Bg5 Nd7 17. Nd2 Raf8 18. c4 bxc4 19. Rc1 Nc5 20. Rxc4 Kb8 21. Nxc5 Bxc5 22. 0-0 a5 23. Bxd5 Bxd5 24. Rf4 Rxf4 25. Bxf4 Rf8 26. Be3 Bxe3 27. fxe3 Rxf1+ 28. Kxf1 Bxa2 29. b3 Ka7 30. Ke2 Ka6 31. Kd3 Kb5 32. Kc3 a4 33. bxa4+ Kxa4 34. Ne4 Kb5 35. Nxd6+ Kc5 36. Ne4+ Kd5 37. Nd2 Ke5 38. Kd3 Bd5 39. e4 Bc6 40. Ke3 Kf6 41. Kf4 e5+ 42. Kg4 g6 43. h4 Bb7 44. Kf3 Bc6 45. Nc4 Ke6 46. g4 Ba4 47. g5 Bc6 48. Ne3 Bb7 49. Ng4 Bc6 50. Nf6 Bb7 51. Kg4 Ba6 52. Kf3 Bb7 53. Ke3 Bc6 54. Kd3 Bb7 55. Kc4 Bc6 56. Kc5 Ba4 57. Kb6 Bc2 58. Kc5 Bd3 59. Kb4 Bc2 60. Kc3 Ba4 61. Kd3 Bc6 62. Ng4 Bb7 63. Ke3 Bc6 64. Kf3 Ba4 65. Nf2 Bc6 66. Nh1 Ba4 67. Ng3 Bb3 1/2-1/2

[Event "BCF-chT1d 0809 (4NCL) Demotion pool"]
[Site "England"]
[Date "2009.05.02"]
[Round "9.3"]
[White "Dearing, Eddie"]
[Black "Hague, Ben"]
[Result "1-0"]
[WhiteElo "2394"]
[BlackElo "2282"]
[PlyCount "71"]
[EventDate "2008.10.04"]
[EventType "team-tourn"]
[EventRounds "4"]
[EventCountry "ENG"]
[SourceTitle "EXT 2010"]
[Source "ChessBase"]
[SourceDate "2010.11.25"]
[SourceVersion "1"]
[SourceVersionDate "2010.11.25"]
[SourceQuality "1"]
[WhiteTeam "Cambridge"]
[BlackTeam "NW Eagles"]
[WhiteTeamCountry "ENG"]
[BlackTeamCountry "ENG"]

1. d4 d5 2. c4 Nc6 3. Nc3 Nf6 4. Nf3 dxc4 5. Bg5 Nd5 6. e4 Nb6 7. d5 Nb8 8. Bxc4 g6 9. Bb3 Bg7 10. Qd2 Bg4 11. Qf4 f5 12. exf5 Bxf3 13. Qxf3 Rf8 14. g4 N8d7 15. 0-0-0 Ne5 16. Qh3 h6 17. Bxh6 Bxh6+ 18. Qxh6 Qd6 19. Ne4 Qb4 20. Qf4 Nbc4 21. Rd4 gxf5 22. gxf5 0-0-0 23. Nd2 Nd3+ 24. Rxd3 Nxb2 25. Rd4 Qc3+ 26. Kb1 Nd3 27. Rxd3 Qxd3+ 28. Bc2 Qxd5 29. Nf3 Qb5+ 30. Ka1 Qc5 31. Rc1 Qxf2 32. f6 exf6 33. Bf5+ Kb8 34. Qxc7+ Ka8 35. Be4 Rb8 36. Rb1 1-0

[Event "BCF-chT 0708 (4NCL)"]
[Site "Sunningdale"]
[Date "2008.05.04"]
[Round "10.1"]
[White "Pritchett, Craig William"]
[Black "Dearing, Eddie"]
[Result "1/2-1/2"]
[WhiteElo "2306"]
[BlackElo "2383"]
[PlyCount "83"]
[EventDate "2007.09.15"]
[EventType "team-tourn"]
[EventRounds "11"]
[EventCountry "ENG"]
[SourceTitle "EXT 2008"]
[Source "ChessBase"]
[SourceDate "2007.11.25"]
[SourceVersion "1"]
[SourceVersionDate "2007.11.25"]
[SourceQuality "1"]
[WhiteTeam "Barbican II"]
[BlackTeam "Cambridge"]
[WhiteTeamCountry "ENG"]
[BlackTeamCountry "ENG"]

1. e4 g6 2. d4 Bg7 3. Nf3 d6 4. Bd3 Nf6 5. 0-0 0-0 6. h3 Nc6 7. c3 e5 8. dxe5 dxe5 9. Na3 h6 10. Be3 b6 11. Qd2 Kh7 12. Rfd1 Bb7 13. Qc2 Qe7 14. Nc4 Nd7 15. a4 a5 16. Na3 Nc5 17. Bc4 f5 18. Bxc5 Qxc5 19. Bd5 Rae8 20. Rd2 Ba6 21. Rad1 Ne7 22. Be6 Bb7 23. exf5 gxf5 24. Bd7 Rb8 25. Nb5 Be4 26. Qb3 c6 27. Nc7 Bd5 28. Nxd5 cxd5 29. Be6 e4 30. Nd4 Qd6 31. Bxd5 Qxd5 32. Qxd5 Nxd5 33. Ne6 Nf6 34. Nxf8+ Bxf8 35. Rd8 Rxd8 36. Rxd8 Bc5 37. Kf1 f4 38. Rb8 Nd5 39. Rd8 Nf6 40. Rb8 Nd5 41. Rd8 Nf6 42. Rb8 1/2-1/2

[Event "BCF-chT 0708 (4NCL)"]
[Site "Sunningdale"]
[Date "2008.01.12"]
[Round "5.2"]
[White "Dearing, Eddie"]
[Black "Ledger, Andrew"]
[Result "1/2-1/2"]
[WhiteElo "2381"]
[BlackElo "2424"]
[PlyCount "45"]
[EventDate "2007.09.15"]
[EventType "team-tourn"]
[EventRounds "11"]
[EventCountry "ENG"]
[SourceTitle "EXT 2008"]
[Source "ChessBase"]
[SourceDate "2007.11.25"]
[SourceVersion "1"]
[SourceVersionDate "2007.11.25"]
[SourceQuality "1"]
[WhiteTeam "Cambridge"]
[BlackTeam "Betsson.com"]
[WhiteTeamCountry "ENG"]
[BlackTeamCountry "ENG"]

1. d4 d6 2. g3 Nd7 3. c4 e5 4. Nc3 Ngf6 5. Bg2 Be7 6. e3 0-0 7. Nge2 a6 8. 0-0 Rb8 9. a4 a5 10. b3 c6 11. Ba3 Re8 12. Qc2 Qc7 13. Rac1 Nf8 14. e4 h5 15. h3 h4 16. gxh4 Ng6 17. f4 exf4 18. Nxf4 Nxf4 19. Rxf4 d5 20. e5 Bxa3 21. Rcf1 Nh7 22. Rxf7 Re7 23. Nxd5 1/2-1/2

[Event "BCF-chT2 0607 (4NCL)"]
[Site "Sunningdale"]
[Date "2006.11.12"]
[Round "4.1"]
[White "Muir, Andrew Joseph"]
[Black "Dearing, Eddie"]
[Result "1-0"]
[WhiteElo "2341"]
[BlackElo "2395"]
[PlyCount "73"]
[EventDate "2006.09.16"]
[EventType "team"]
[EventRounds "11"]
[EventCountry "ENG"]
[SourceTitle "EXT 2008"]
[Source "ChessBase"]
[SourceDate "2007.11.25"]
[SourceVersion "1"]
[SourceVersionDate "2007.11.25"]
[SourceQuality "1"]
[WhiteTeam "Guildford III"]
[BlackTeam "Cambridge"]
[WhiteTeamCountry "ENG"]
[BlackTeamCountry "ENG"]

1. d4 Nf6 2. c4 c5 3. d5 e5 4. Nc3 d6 5. e4 Be7 6. Be2 0-0 7. Nf3 Ne8 8. 0-0 Nd7 9. a3 g6 10. Bh6 Ng7 11. Qd2 Nf6 12. Ne1 Kh8 13. Nd3 Ng8 14. Be3 f5 15. f4 exf4 16. Bxf4 g5 17. Be3 f4 18. Bf2 Bf6 19. e5 dxe5 20. Bxc5 Re8 21. Ne4 b6 22. Bb4 Nf5 23. Bh5 Re7 24. Rfe1 Rg7 25. Bc3 Ne3 26. Nxe5 Bf5 27. Nxf6 Nxf6 28. Nf7+ Rxf7 29. Bxf7 Kg7 30. Rxe3 fxe3 31. Qxe3 Kxf7 32. Rf1 Kg6 33. Rxf5 Kxf5 34. Qd3+ Ne4 35. Qf3+ Kg6 36. Qxe4+ Kf7 37. Qxh7+ 1-0

[Event "BCF-chT2 0607 (4NCL)"]
[Site "Sunningdale"]
[Date "2006.11.11"]
[Round "3.1"]
[White "Dearing, Eddie"]
[Black "Bates, Richard"]
[Result "0-1"]
[WhiteElo "2395"]
[BlackElo "2366"]
[PlyCount "42"]
[EventDate "2006.09.16"]
[EventType "team"]
[EventRounds "11"]
[EventCountry "ENG"]
[SourceTitle "CBM 115 Extra"]
[Source "ChessBase"]
[SourceDate "2007.01.10"]
[SourceVersion "1"]
[SourceVersionDate "2007.01.10"]
[SourceQuality "1"]
[WhiteTeam "Cambridge"]
[BlackTeam "Richmond"]
[WhiteTeamCountry "ENG"]
[BlackTeamCountry "ENG"]

1. d4 Nf6 2. c4 g6 3. Nc3 Bg7 4. e4 d6 5. h3 0-0 6. Bg5 a5 7. Qd2 a4 8. Rc1 c6 9. Bd3 Qa5 10. Nge2 Nbd7 11. 0-0 e5 12. Rfd1 exd4 13. Nxd4 Nc5 14. Bc2 Re8 15. f3 Nfd7 16. Bf4 Nb6 17. b3 Bxd4+ 18. Qxd4 Ne6 19. b4 Qa7 20. Qe3 Nxf4 21. Qxf4 Nd5+ 0-1

[Event "BCF-chT2 0506 (4NCL)"]
[Site "Birmingham"]
[Date "2006.04.29"]
[Round "9.2"]
[White "Buckley, Graeme N"]
[Black "Dearing, Eddie"]
[Result "1-0"]
[WhiteElo "2398"]
[BlackElo "2418"]
[PlyCount "73"]
[EventDate "2005.10.22"]
[EventType "team"]
[EventRounds "11"]
[EventCountry "ENG"]
[SourceTitle "EXT 2007"]
[Source "ChessBase"]
[SourceDate "2006.11.23"]
[SourceVersion "1"]
[SourceVersionDate "2006.11.23"]
[SourceQuality "1"]
[WhiteTeam "Guildford III"]
[BlackTeam "Cambridge"]
[WhiteTeamCountry "ENG"]
[BlackTeamCountry "ENG"]

1. d4 d5 2. c4 c6 3. Nf3 Nf6 4. Nc3 e6 5. e3 Nbd7 6. Qc2 Bd6 7. Be2 0-0 8. 0-0 dxc4 9. Bxc4 b5 10. Be2 Bb7 11. Rd1 Qb8 12. e4 e5 13. Bg5 Re8 14. dxe5 Bxe5 15. a3 Bf4 16. Bxf4 Qxf4 17. g3 Qb8 18. Nd4 a6 19. Nf5 Re6 20. Bf1 g6 21. Ne3 Qa7 22. Bg2 Rae8 23. Rac1 Ba8 24. b4 c5 25. bxc5 Qxc5 26. Qb3 Qa7 27. Ned5 Ne5 28. a4 Neg4 29. Rc2 bxa4 30. Qxa4 Bxd5 31. Nxd5 Nxe4 32. Rf1 Re5 33. Rc7 Qb8 34. Qd7 Rf5 35. Bxe4 Ne5 36. Ne7+ Kf8 37. Qd6 1-0

[Event "FRA-chT2B 0506"]
[Site "France"]
[Date "2006.04.02"]
[Round "11.2"]
[White "Pira, Davoud"]
[Black "Dearing, Eddie"]
[Result "1-0"]
[WhiteElo "2378"]
[BlackElo "2417"]
[PlyCount "74"]
[EventDate "2005.10.27"]
[EventType "team-tourn"]
[EventRounds "11"]
[EventCountry "FRA"]
[SourceTitle "EXT 2006"]
[Source "ChessBase"]
[SourceDate "2005.11.24"]
[SourceVersion "1"]
[SourceVersionDate "2005.11.24"]
[SourceQuality "1"]
[WhiteTeam "Lutece"]
[BlackTeam "Rueil Malmaison"]
[WhiteTeamCountry "FRA"]
[BlackTeamCountry "FRA"]

1. d4 d5 2. Nf3 Nf6 3. c4 c6 4. e3 Bg4 5. h3 Bh5 6. Nc3 e6 7. g4 Bg6 8. Ne5 Nfd7 9. Nxg6 hxg6 10. Qb3 Qb6 11. Bd2 Be7 12. Qc2 0-0 13. h4 c5 14. cxd5 cxd4 15. exd4 Nf6 16. 0-0-0 Nxd5 17. Nxd5 exd5 18. h5 gxh5 19. Rxh5 g6 20. Rxd5 Qe6 21. Bc4 Qxg4 22. Rg5 Qxg5 23. Bxg5 Bxg5+ 24. Kb1 Kg7 25. Qb3 Nc6 26. Qxb7 Ne7 27. Bb3 a5 28. Qf3 Bf6 29. d5 Rab8 30. Rd2 Nf5 31. d6 Rb5 32. Qc6 Re5 33. d7 Re1+ 34. Bd1 Nd4 35. d8Q Nxc6 36. Qxa5 Rg1 37. Qb6 Rh8 1-0

[Event "FRA-chT2B 0506"]
[Site "France"]
[Date "2006.03.12"]
[Round "9.1"]
[White "Dearing, Eddie"]
[Black "Spraggett, Kevin"]
[Result "1/2-1/2"]
[WhiteElo "2416"]
[BlackElo "2581"]
[PlyCount "43"]
[EventDate "2005.10.27"]
[EventType "team-tourn"]
[EventRounds "11"]
[EventCountry "FRA"]
[SourceTitle "EXT 2006"]
[Source "ChessBase"]
[SourceDate "2005.11.24"]
[SourceVersion "1"]
[SourceVersionDate "2005.11.24"]
[SourceQuality "1"]
[WhiteTeam "Rueil Malmaison"]
[BlackTeam "Gif sur Yvette"]
[WhiteTeamCountry "FRA"]
[BlackTeamCountry "FRA"]

1. d4 Nf6 2. c4 e6 3. Nc3 d5 4. cxd5 exd5 5. Bg5 c6 6. e3 Nbd7 7. Bd3 Be7 8. Qc2 Nf8 9. Nf3 Ne6 10. Bh4 g6 11. 0-0 0-0 12. Rab1 Nh5 13. Bxe7 Qxe7 14. b4 Rd8 15. Rfc1 a6 16. Na4 Nhg7 17. Nc5 Ng5 18. Nxg5 Qxg5 19. Qe2 Re8 20. Qf3 Qe7 21. a4 Bf5 22. Bxf5 1/2-1/2

[Event "BCF-chT2 0506 (4NCL)"]
[Site "Birmingham"]
[Date "2005.11.19"]
[Round "3.1"]
[White "Hanley, Craig"]
[Black "Dearing, Eddie"]
[Result "1/2-1/2"]
[WhiteElo "2388"]
[BlackElo "2417"]
[PlyCount "42"]
[EventDate "2005.10.22"]
[EventType "team"]
[EventRounds "11"]
[EventCountry "ENG"]
[SourceTitle "EXT 2007"]
[Source "ChessBase"]
[SourceDate "2006.11.23"]
[SourceVersion "1"]
[SourceVersionDate "2006.11.23"]
[SourceQuality "1"]
[WhiteTeam "White Rose"]
[BlackTeam "Cambridge"]
[WhiteTeamCountry "ENG"]
[BlackTeamCountry "ENG"]

1. e4 c5 2. Nf3 e6 3. d4 cxd4 4. Nxd4 a6 5. Nc3 Qc7 6. Bd3 Nf6 7. 0-0 b5 8. Re1 Bc5 9. Nb3 Bd6 10. g3 b4 11. Nb1 Nc6 12. N1d2 Be7 13. Nc4 d6 14. a4 a5 15. Be3 Nd7 16. Qh5 Nce5 17. Nxe5 dxe5 18. Rac1 0-0 19. c3 Qb8 20. Bb5 Nf6 21. Qf3 bxc3 1/2-1/2